Zisťovanie priemerného zárobku zamestnanca k 1. aprílu 2002
Zákonom č. 311/2001 Z.z. Zákonník práce bol zrušený zákon o mzde a jeho ustanovenia sa s miernymi modifikáciami prevzali do nového Zákonníka práce. Stručné zhrnutie zmien, ktoré nastali v tejto oblasti. Dôvody osobitnej úpravy. Zisťovanie priemerného zárobku zamestnanca k 1. aprílu 2002.
Guardado en:
| Autor principal: | |
|---|---|
| Formato: | Capítulo de libro |
| Lenguaje: | eslovaco |
| Materias: | |
| Etiquetas: |
Sin Etiquetas, Sea el primero en etiquetar este registro!
|
MARC
| LEADER | 00000naa a2200000 4500 | ||
|---|---|---|---|
| 001 | r045499 | ||
| 005 | 20230919093538.1 | ||
| 041 | 0 | |a slo | |
| 044 | |a SK | ||
| 245 | 1 | 0 | |a Zisťovanie priemerného zárobku zamestnanca k 1. aprílu 2002 |c Miroslav Mačuha |
| 520 | |a Zákonom č. 311/2001 Z.z. Zákonník práce bol zrušený zákon o mzde a jeho ustanovenia sa s miernymi modifikáciami prevzali do nového Zákonníka práce. Stručné zhrnutie zmien, ktoré nastali v tejto oblasti. Dôvody osobitnej úpravy. Zisťovanie priemerného zárobku zamestnanca k 1. aprílu 2002. | ||
| 610 | 2 | 0 | |a zákonník práce |
| 610 | 2 | 0 | |a zárobky priemerné |
| 610 | 2 | 0 | |a zamestnanci |
| 610 | 2 | 0 | |a čas pracovný |
| 610 | 2 | 0 | |a práca nadčasová |
| 610 | 2 | 0 | |a apríl |
| 610 | 2 | 0 | |a 2002 |
| 100 | 1 | |a Mačuha, Miroslav | |